| 000 | 00416nam a22001577a 4500 | ||
|---|---|---|---|
| 005 | 20260501121754.0 | ||
| 008 | 260501b |||||||| |||| 00| 0 eng d | ||
| 020 |
_a9780327130451 _qhbk |
||
| 082 | _a348.7323 UNI. 11 | ||
| 245 | _aUnitied states code service | ||
| 260 |
_aUnited states _bLexis nexis _c2010 |
||
| 300 |
_a914 _c25 cm |
||
| 504 | _aindex | ||
| 650 | _a Laws, regulations & cases | ||
| 942 | _cENGLISH | ||
| 999 |
_c621706 _d621706 |
||